ELEMENTARY AND INTERMEDIATE ALGEBRA WITHIN REACH (Record no. 216311)

MARC details
000 -LEADER
fixed length control field 00406nam a22001577a 4500
008 - FIXED-LENGTH DATA ELEMENTS--GENERAL INFORMATION
fixed length control field 251127b |||||||| |||| 00| 0 eng d
020 ## - INTERNATIONAL STANDARD BOOK NUMBER
International Standard Book Number 13:978-1-285-07470-2
050 ## - LIBRARY OF CONGRESS CALL NUMBER
Classification number QA 184.L37 2014
100 ## - MAIN ENTRY--PERSONAL NAME
Personal name LARSON RON
245 ## - TITLE STATEMENT
Title ELEMENTARY AND INTERMEDIATE ALGEBRA WITHIN REACH
250 ## - EDITION STATEMENT
Edition statement 6th
260 ## - PUBLICATION, DISTRIBUTION, ETC.
Place of publication, distribution, etc. AUTRALIA
Name of publisher, distributor, etc. CENGAGE
Date of publication, distribution, etc. 2014
300 ## - PHYSICAL DESCRIPTION
Extent X.618
942 ## - ADDED ENTRY ELEMENTS (KOHA)
Source of classification or shelving scheme Library of Congress Classification
Koha item type Long Loan Book
Holdings
Withdrawn status Lost status Source of classification or shelving scheme Damaged status Not for loan Collection Home library Current library Shelving location Date acquired Inventory number Total checkouts Full call number Barcode Date last seen Copy number Price effective from Koha item type
    Library of Congress Classification     Science & Technology Kisii University Library Kisii University Library On Display 11/27/2025 110203   QA 184.L37 2014 000000018931 11/27/2025 C.2 11/27/2025 Long Loan Book
    Library of Congress Classification     Science & Technology Kisii University Library Kisii University Library On Display 11/27/2025 110204   QA 184.L37 2014 000000018930 11/27/2025 C.3 11/27/2025 Long Loan Book
    Library of Congress Classification     Science & Technology Kisii University Library Kisii University Library On Display 11/27/2025 110205   QA 184.L37 2014 000000018929 11/27/2025 C.4 11/27/2025 Long Loan Book
    Library of Congress Classification     Science & Technology Kisii University Library Kisii University Library On Display 11/27/2025 110206   QA 184.L37 2014 000000018928 11/27/2025 C.5 11/27/2025 Long Loan Book